00539cam a22002177a 4500003000500000005001700005008004100022010000900063011000900072035000900081040000900090082001400099100002200113245004000135260004200175300001100217650002800228650001900256700002100275700002500296CHAP20220329133531.0971013s1993 r 00010 d a7530 a8502 a7731 cCHAP a595.7bL400aLeather, Simon R.14aThe ecology of insect overwintering aLondon :bCambridge University,c1993 a255 p.14aEcología de insectos.14aHibernación.0 aBale, Jeffrey S.0 aWalters, Keith F. A.